000 01622nam a22002297a 4500
005 20141010073931.0
008 030508s2003 ja a b 001 0 eng
020 _a9280810839
024 0 _aeng
080 _a339.9
245 0 0 _aRegionalism, multilateralism, and economic integration :
_cedited by Gary P. Sampson and Stephen Woolcock.
250 _a1 st.ed.;
260 _aTokyo ;
_aNew York :
_bUnited Nations University Press,
_c2003.
300 _a364 f. :
_bme il.;
_c23 cm.
504 _aIncludes bibliographical references and index. f.340-364
505 0 _aA framework for assessing regional trade agreements : WTO-plus / Stephen Woolcock -- The association agreement between the European Union and Poland / Magnus Feldmann -- The EU--Mexico Free Trade Agreement : assessing the EU approach to regulatory issues / Joakim Reiter -- The Euro-Mediterranean Agreements / Tomas Baert -- The North American Free Trade Agreement / Julius Sen -- The Chile-Canada Free Trade Agreement / Sebastin Herreros -- The closer economic relations agreement between Australia and New Zealand / Gary P. Sampson -- Food safety and eco-labelling regulations : a case of transatlantic regulatory regionalism? / Grant E. Isaac -- Regulations confronting trade in services / Bertrall Ross -- Trade in a world of regions / Brigid Gavin and Luk van Langenhove -- Conclusions / Stephen Woolcock.
650 0 _aMarrëdhëniet Ndërkombëtare
700 1 _aSampson, Gary P.
700 1 _aWoolcock, Stephen.
856 4 1 _3Table of contents
_uhttp://www.loc.gov/catdir/toc/ecip043/2003010733.html
942 _2udc
_cBK
999 _c521
_d521